000 00881nam a22002655i 4500
001 15693
003 ES-MaACL
005 20250630032855.0
007 t|
008 000504s1988 sp ||||0| spa j
020 _a84-7793-007-4
040 _aM-BN
_bspa
_cM-BN
080 _a338.5(460)"19"
100 1 _aOjeda Eiseley, Alonso de.
_986612
245 1 0 _aIndices de precios en España en el período 1913-1987 /
_cAlonso de Ojeda Eiseley.
260 _a[Madrid] :
_bBanco de España, Servicio de Estudios,
_c1988.
300 _a114 p. ;
_c24 cm.
490 1 _aEstudios de historia económica ;
_v17
504 _aBibliografía: p. 109-111.
650 1 4 _aPrecios-
_zEspaña-
_yS.XX.
_916340
710 2 0 _aBanco de España
_92104
830 0 _aEstudios de historia económica ;
_v17
_9179607
852 _aES-MaACL
_jL-22987
_bR.116121
999 _c15693
_d15693